Φθορά και λόγος : εισαγωγή στην ποίηση του Γιώργου Σεφέρη
Saved in:
| Main Author: | |
|---|---|
| Format: | Book |
| Language: | Greek |
| Published: |
Αθήνα :
Εστία,
1989
|
| Edition: | Νέα έκδ. αναθεωρ. |
| Series: | Νεοελληνικές μελέτες ;
; 2 |
| Subjects: | |
| Tags: |
Add Tag
No Tags, Be the first to tag this record!
|
MARC
| LEADER | 00000nam a2200000 i 4500 | ||
|---|---|---|---|
| 001 | 1/86479 | ||
| 008 | 960913s1989 gre d | ||
| 020 | |a 960-05-0068-1 | ||
| 035 | |a 1993 |b 1 |c Αναγνωστοπούλου |l 10034984 | ||
| 040 | |a GR-MY-UA |b gre |e aacr | ||
| 041 | 0 | |a gre | |
| 082 | 0 | |a 889.14 | |
| 100 | 1 | |a Vitti, Mario. | |
| 245 | 1 | 0 | |a Φθορά και λόγος : |b εισαγωγή στην ποίηση του Γιώργου Σεφέρη / |c Mario Vitti |
| 250 | |a Νέα έκδ. αναθεωρ. | ||
| 260 | |a Αθήνα : |b Εστία, |c 1989 | ||
| 300 | |a 287 σ. |b φωτογρ. | ||
| 490 | 1 | |a Νεοελληνικές μελέτες |v ; 2 | |
| 600 | 1 | 0 | |a Σεφέρης, Γιώργος, |d 1900-1971. |
| 650 | 0 | 0 | |a Poets, Greek |x Criticism and interpretation. |
| 830 | 0 | |a Νεοελληνικές μελέτες ; |v ; 2 | |
| 852 | |a INST |b RHODES |e 19960913 |h 889.14 VIT |p 005400009866 |q 005400009866 |t BK |y 0 | ||
| 909 | |a Ρ |b 025036 |c 1993 | ||
| 970 | |z 2000/07/ΚΑΤΕΡΙΝΑ | ||
| 970 | |z 2000/07/ΚΑΤΕΡΙΝΑ | ||